Movies Quiz

Random Movies or Director Quiz

Film by Director 17 Quiz Stats

 Plays Quiz not verified by Sporcle

Score 0/25 Timer 05:00
0 Plays Today
% Correct
Ordinary People
90.4%
Into the Wild
87%
The Sting
86.1%
The Blues Brothers
86.1%
Midnight Cowboy
86.1%
The Beaver
83.5%
Bonnie and Clyde
78.3%
L.A. Confidential
78.3%
A Hard Day's Night
69.6%
American Gigolo
69.6%
Men in Black
68.7%
A Bucket of Blood
53.9%
The Mummy
53%
% Correct
Caligula
52.2%
The Wedding March
48.7%
Cloverfield
48.7%
Earth
43.5%
Life of an American Fireman
37.4%
Rise of the Planet of the Apes
36.5%
The Hot Chick
34.8%
The Jazz Singer
33.9%
Hell of the Living Dead
31.3%
Ilsa: She Wolf of the SS
28.7%
Begotten
24.3%
August Underground
20%

You're not logged in!

Compare scores with friends on all Sporcle quizzes.
OR
Log In

Sporcle TV

Today on Sporcle TV


Watch our educational content, quiz creation guides, and fun videos on Sporcle TV.

Show Comments

Extras

Top Quizzes Today


Score Distribution

Your Account Isn't Verified!

In order to create a playlist on Sporcle, you need to verify the email address you used during registration. Go to your Sporcle Settings to finish the process.

Report this User

Report this user for behavior that violates our Community Guidelines.

Details: